[Event "HUN-chT2 Toth 1819"]
[Site "Hungary"]
[Date "2019.04.28"]
[Round "11.11"]
[White "Szaniszlo, Milan"]
[Black "Kozak, Janos"]
[Result "1-0"]
[WhiteElo "1290"]
[BlackElo "1513"]
[PlyCount "29"]
[EventDate "2018.09.23"]
[EventType "team-tourn"]
[EventRounds "11"]
[EventCountry "HUN"]
[SourceTitle "EXT 2021"]
[Source "ChessBase"]
[SourceDate "2020.10.23"]
[SourceVersion "1"]
[SourceVersionDate "2020.10.23"]
[SourceQuality "1"]
[WhiteTeam "Karcag"]
[BlackTeam "Szentes Integral"]
[WhiteTeamCountry "HUN"]
[BlackTeamCountry "HUN"]

1. e4 Nf6 2. Nc3 d5 3. e5 d4 4. exf6 dxc3 5. fxe7 Qxe7+ 6. Be2 cxb2 7. Bxb2 f6 8. Nf3 Bg4 9. 0-0 Qc5 10. d4 Qh5 11. Re1 Be7 12. Nd2 Bxe2 13. Rxe2 Kf7 14. Rxe7+ Kg6 15. Rxg7+ 1-0

[Event "HUN-chT2 Toth 1819"]
[Site "Hungary"]
[Date "2018.11.18"]
[Round "4.12"]
[White "Jakso, Abel"]
[Black "Szaniszlo, Milan"]
[Result "1/2-1/2"]
[WhiteElo "1548"]
[BlackElo "1290"]
[PlyCount "46"]
[EventDate "2018.09.23"]
[EventType "team-tourn"]
[EventRounds "11"]
[EventCountry "HUN"]
[SourceTitle "EXT 2021"]
[Source "ChessBase"]
[SourceDate "2020.10.23"]
[SourceVersion "1"]
[SourceVersionDate "2020.10.23"]
[SourceQuality "1"]
[WhiteTeam "Mako Duocor II"]
[BlackTeam "Karcag"]
[WhiteTeamCountry "HUN"]
[BlackTeamCountry "HUN"]

1. d4 g6 2. Nf3 Nf6 3. Bf4 d6 4. e3 Bg7 5. Be2 0-0 6. 0-0 c5 7. c3 Nc6 8. h3 Nd7 9. Nbd2 e5 10. Bg3 Qe7 11. dxe5 Ndxe5 12. Nxe5 Nxe5 13. Nf3 Rd8 14. Qd2 Bf5 15. Rad1 Rac8 16. Qc1 b6 17. Rd2 f6 18. Rfd1 Bf8 19. Ba6 Rc6 20. Bb5 Rcc8 21. Ba6 Rc6 22. Be2 Rcc8 23. Bh4 g5 1/2-1/2